| 000 | 00407cam a22001337a 4500 | ||
|---|---|---|---|
| 008 | 180718b1959 xxu||||| |||| 00| 0 eng d | ||
| 082 | _aC4x73 M522 | ||
| 100 | _aMendelson, Wallece | ||
| 245 |
_aConstitution and the Supreme Court _cby Wellace Mendelson |
||
| 260 |
_aNew York _bDodd _c1959 |
||
| 300 | _a520p. | ||
| 650 | _aConstitutional law --United States --Cases | ||
| 650 | _aUnited States. Supreme Court | ||
| 999 |
_c373711 _d373711 |
||